01113cam a2200277 a 450000100100000000500170001000800410002702000150006804000300008304100380011308200150015110000370016624000340020324501190023726000410035630000290039750400300042653400640045650400580052065100520057870000320063091000280066204900090069095201190069999900170081800001735720200929165106.0760304s1975 ja b 000 1 eng d a0860082512 aDO-SdBNPcDLCdDLCdBNPHU17aenghjpn2Código de idioma MARC annnnbU22t1 aUeda Akinari,d1734-1809.93801110aHarusame monogatari.lEnglish10aTales of the spring rain :bHarusame monogatari /cUeda Akinari ; translated and with an introd. by Barry Jackman. aTokyo :bUniversity of Tokyo,c1975. axxxiii, 249 p. ;c23 cm. aBibliography: p. 241-249. pTraslated from the japanes original :tHarusame monogatari. aIncludes notes and references at the foot of the page 0aJapanxSocial Life And CustomsvFiction.9380121 aJackman, Barry,etr.938013 aCatalogación derivada aBNGR 001053728MOaGRbGRcCTd2010-03-23iLF1l0onnnn U22tp17357-10r2020-06-25te. 1w2020-06-25y1ZNo se presta c16882d16882